Position of Indian agriculture in the world / (Record no. 40717)

MARC details
000 -LEADER
fixed length control field 00814nam a22002297a 4500
005 - DATE AND TIME OF LATEST TRANSACTION
control field 20100810150434.0
010 ## - LCCN (DPL NO)
LC control number ENG-99376
020 ## - INTERNATIONAL STANDARD BOOK NUMBER
International Standard Book Number 9788190761840
Terms of availability 180.00
035 ## - SYSTEM CONTROL NUMBER
System control number EN-82908
037 ## - SOURCE OF ACQUISITION
Source of stock number/acquisition DBAD/PUB
082 ## - DEWEY DECIMAL CLASSIFICATION NUMBER
Classification number 610.954
100 ## - MAIN ENTRY--PERSONAL NAME
Personal name Gubendiran,K
245 ## - TITLE STATEMENT
Title Position of Indian agriculture in the world /
Statement of responsibility, etc by K Gubendiran
260 ## - PUBLICATION, DISTRIBUTION, ETC. (IMPRINT)
Place of publication, distribution, etc Chennai
Name of publisher, distributor, etc Mukil Pathippagam
Date of publication, distribution, etc 2008
270 ## - ADDRESS
Address New No 15 Old No 93 J -Block Welcome Street MMDA Colony Arumbakkam
City Chennai
Postal code 106
300 ## - PHYSICAL DESCRIPTION
Extent 134p
Dimensions 19cm(pbk)
500 ## - GENERAL NOTE
General note Includes references
650 ## - SUBJECT ADDED ENTRY--TOPICAL TERM
Topical term or geographic name as entry element Agriculture
650 ## - SUBJECT ADDED ENTRY--TOPICAL TERM
Topical term or geographic name as entry element India
942 ## - ADDED ENTRY ELEMENTS (KOHA)
Source of classification or shelving scheme Dewey Decimal Classification
Item type English Books
Classification part 610.954
Call number suffix GUB
Holdings
Withdrawn status Lost status Not for loan Collection code Home library Current library Date acquired Source of acquisition Cost, normal purchase price Full call number Barcode Copy number Cost, replacement price Koha item type
    Not For Loan Non-fiction D.B.Act.Division D.B.Act.Division 10/08/2010 DBAD/PUB 180.00 610.954 GUB EN-82908 1 180.00 English Books

© Delhi Public Library
Hit Counter
free hit counter